[Event "Dundee & Angus Major"]
[Site "MyTown"]
[Date "2015.10.09"]
[Round "1"]
[White "Waddell, Alex"]
[Black "Statham, Peter"]
[Result "1-0"]
[WhiteElo "1380"]
[BlackElo "1056"]
[PlyCount "113"]
[EventDate "2015.10.14"]

{2MB. PentiumII
} 1. e4 c5 2. d4 cxd4 3. c3 dxc3 4. Nxc3 Nc6 5. Nf3 d6 6. Bc4
e6 7. O-O Be7 8. Qe2 a6 9. a4 Nf6 10. Rd1 Qc7 11. Bg5 h6 12. Bh4 O-O 13. Rac1
Nh5 14. Bxe7 Qxe7 15. Qe3 Nf6 16. h3 e5 17. Nd5 Nxd5 18. Bxd5 Nb4 19. Qb6 Nxd5
20. Rxd5 Bxh3 21. gxh3 Qf6 22. Qe3 Rac8 23. Rcd1 Rc6 24. Nd2 Rc2 25. Qf3 Qe7
26. b3 b5 27. axb5 axb5 28. Nf1 Rd8 29. Rxb5 Rc5 30. Rxc5 dxc5 31. Rxd8+ Qxd8
32. Qg3 Qd4 33. Qe3 f6 34. Qxd4 cxd4 35. Nd2 Kf7 36. Kf1 Ke6 37. Ke2 g6 38. Kd3
f5 39. f3 g5 40. Kc4 h5 41. b4 g4 42. fxg4 hxg4 43. hxg4 fxg4 44. Nf1 Kd6 45.
b5 d3 46. Kxd3 Kc5 47. Ke3 Kxb5 48. Kf2 Kc4 49. Kg3 Kd4 50. Nd2 Ke3 51. Kxg4
Kxd2 52. Kf5 Ke3 53. Kxe5 Kd3 54. Kd5 Kc3 55. Kd6 Kd4 56. e5 Ke4 57. e6 1-0

[Event "Dundee & Angus Major"]
[Site "?"]
[Date "2015.10.10"]
[Round "2"]
[White "Flockhart, Hugh"]
[Black "McKay, Ruairidh"]
[Result "1-0"]
[WhiteElo "1425"]
[BlackElo "1130"]
[PlyCount "59"]

1. e4 c5 2. Nf3 d6 3. Bc4 e6 4. c3 Nf6 5. d3 a6 6. Nbd2 Nc6 7. Bb3 b5 8. Nf1 h6
9. Ng3 Be7 10. O-O O-O 11. h3 Bb7 12. Be3 Qc7 13. Qd2 Kh7 14. Bc2 Ne5 15. Nh2
Ng6 16. Rac1 d5 17. Nf3 Bd6 18. e5 Bxe5 19. Nxe5 Nxe5 20. Bf4 d4 21. cxd4 cxd4
22. Bd1 Qd6 23. Re1 Qd5 24. Ne4 Ng6 25. Nxf6+ gxf6 26. Bf3 Qf5 27. Bxb7 Qxf4
28. Qxf4 Nxf4 29. Bxa8 Nxd3 30. Be4+ 1-0

[Event "Dundee & Angus Major"]
[Site "?"]
[Date "2015.10.10"]
[Round "2"]
[White "Andrews, Norman"]
[Black "Banerjee, Agnijo"]
[Result "1-0"]
[WhiteElo "1545"]
[BlackElo "1240"]
[PlyCount "79"]

1. e4 c5 2. Nc3 d6 3. f4 e5 4. fxe5 dxe5 5. Nf3 Nc6 6. Bb5 Bd7 7. Bxc6 Bxc6 8.
Nxe5 Qc7 9. Nxc6 Qxc6 10. d3 Nf6 11. Qf3 Be7 12. O-O O-O 13. Bg5 b5 14. Bxf6
Qxf6 15. Nd5 Qe5 16. Nxe7+ Qxe7 17. Qf5 Rab8 18. Kh1 c4 19. d4 b4 20. Rab1 a5
21. c3 b3 22. axb3 cxb3 23. Qxa5 Qxe4 24. Qf5 Qxf5 25. Rxf5 Rfe8 26. Kg1 Re2
27. Kf1 Rc2 28. Rf2 Kf8 29. Ra1 Rxf2+ 30. Kxf2 Rb6 31. Ra7 g6 32. Rc7 Kg7 33.
Rc4 Kf6 34. Rb4 Rxb4 35. cxb4 Ke6 36. Ke3 Kd5 37. b5 f5 38. h4 h6 39. Kf4 Kd6
40. h5 1-0

[Event "Dundee & Angus Major"]
[Site "?"]
[Date "2015.10.10"]
[Round "2"]
[White "Heathwood, Richard"]
[Black "Birkett, Richard"]
[Result "1-0"]
[WhiteElo "1510"]
[BlackElo "1229"]
[PlyCount "111"]

1. d4 d5 2. c4 dxc4 3. e3 b5 4. a4 c6 5. axb5 cxb5 6. Qf3 Bb7 7. Qxb7 Nd7 8.
Qxb5 Rb8 9. Qa4 Ngf6 10. Nf3 e6 11. Qa2 Ne4 12. Bxc4 Nb6 13. Bb5+ Nd7 14. Bxd7+
Qxd7 15. O-O Rc8 16. Nc3 Nf6 17. Qxa7 Qd8 18. Qa4+ Nd7 19. Ne5 Bd6 20. Qxd7+
Qxd7 21. Nxd7 Kxd7 22. e4 f5 23. e5 Bb4 24. Ra7+ Rc7 25. Rxc7+ Kxc7 26. Na2 Ba5
27. b4 Bb6 28. Be3 h6 29. Rc1+ Kd7 30. Nc3 Rc8 31. Ne2 Rb8 32. g3 g5 33. f4 g4
34. Nc3 Rc8 35. Kf2 Bd8 36. d5 Rb8 37. Bc5 Bb6 38. dxe6+ Kxe6 39. Rd1 Bxc5+ 40.
bxc5 Rb2+ 41. Ne2 Ke7 42. Rd6 h5 43. Rf6 Rc2 44. Rxf5 Rxc5 45. Rxh5 Ra5 46. Rg5
Ra2 47. Rxg4 Ke6 48. Rg6+ Kf5 49. Rg5+ Ke4 50. e6 Kd3 51. Re5 Ra8 52. e7 Re8
53. f5 Rc8 54. e8=Q Rc5 55. Rxc5 Kd2 56. Qd7# 1-0

[Event "Dundee & Angus Major"]
[Site "?"]
[Date "2015.10.10"]
[Round "2"]
[White "Connolly Sams, Lukah"]
[Black "Barron-Majerik, Jan"]
[Result "1/2-1/2"]
[WhiteElo "1345"]
[BlackElo "1472"]
[PlyCount "72"]

1. d4 f5 2. Bg5 h6 3. Bh4 g5 4. e3 Nf6 5. Bg3 d6 6. Nf3 e6 7. Nc3 Qe7 8. Bc4
Bg7 9. Qe2 Nc6 10. O-O-O a6 11. a3 Na5 12. h3 Nxc4 13. Qxc4 Rf8 14. Rhe1 Kd8
15. Qd3 Nd5 16. Nd2 Nxc3 17. Qxc3 Bd7 18. f3 Qf6 19. Bf2 Rc8 20. e4 Ke8 21. Qb4
c5 22. dxc5 dxc5 23. Qxb7 Rc7 24. Qb6 Rc6 25. Qb3 c4 26. Nxc4 Rxc4 27. e5 Rxc2+
28. Qxc2 Qd8 29. Kb1 Qa5 30. Qd2 Qb5 31. Bc5 Rf7 32. Qd6 Bf8 33. Qd2 Bxc5 34.
Qc3 Bb6 35. Qc2 Ke7 36. Ka1 Rf8 1/2-1/2

[Event "Dundee & Angus Major"]
[Site "?"]
[Date "2015.10.10"]
[Round "2"]
[White "Statham, Peter"]
[Black "MacDonald, Paul"]
[Result "1/2-1/2"]
[WhiteElo "1540"]
[BlackElo "1056"]
[PlyCount "73"]

1. c4 c5 2. g3 Nf6 3. Bg2 g6 4. Nc3 Bg7 5. e3 O-O 6. Nge2 Nc6 7. O-O b6 8. d4
cxd4 9. exd4 Bb7 10. b4 Qc7 11. Ba3 Rfe8 12. Rc1 Nd8 13. Nd5 e6 14. Nxf6+ Bxf6
15. d5 exd5 16. cxd5 Qb8 17. Re1 d6 18. Nf4 Rxe1+ 19. Qxe1 Ba6 20. Rc2 Bb5 21.
Bf1 Bxf1 22. Kxf1 Nb7 23. Rc6 Qe8 24. b5 Qxe1+ 25. Kxe1 Be5 26. Nd3 Bd4 27. Rc7
Nc5 28. Nxc5 dxc5 29. Ke2 Rd8 30. Rxa7 Rxd5 31. Ra4 Kg7 32. Bc1 Kf6 33. Be3 Re5
34. Kf3 Bxe3 35. fxe3 h5 36. e4 Re6 37. Ra6 1/2-1/2

[Event "Dundee & Angus Major"]
[Site "?"]
[Date "2015.10.10"]
[Round "2"]
[White "Dawson, Euan"]
[Black "Armstrong, Alan"]
[Result "1-0"]
[WhiteElo "1322"]
[BlackElo "1416"]
[PlyCount "85"]

1. e4 e6 2. Qe2 b6 3. f4 Bb7 4. Nf3 Nc6 5. Nc3 Be7 6. g3 d6 7. Bg2 Nf6 8. O-O
Qc8 9. d3 h6 10. a3 Qd7 11. Bd2 O-O-O 12. e5 Nh7 13. b4 Rde8 14. Rfb1 Kb8 15.
a4 Nd8 16. b5 d5 17. a5 f6 18. d4 g5 19. axb6 cxb6 20. Ra2 gxf4 21. Bxf4 f5 22.
Rba1 Ba8 23. Na4 Qc7 24. Nd2 Ng5 25. c4 Ne4 26. Nxe4 fxe4 27. cxd5 exd5 28. Rc2
Bc6 29. bxc6 Ne6 30. Qd2 Nxf4 31. Qxf4 Bg5 32. Qf2 Ref8 33. Qe2 Rf7 34. Rf1
Rhf8 35. Rxf7 Rxf7 36. Nb2 Qc8 37. Nd1 a6 38. Ne3 Rc7 39. Nxd5 Rxc6 40. Rxc6
Qxc6 41. Bxe4 Qa4 42. Qf2 Qb3 43. Qf8+ 1-0

[Event "Dundee & Angus Major"]
[Site "?"]
[Date "2015.10.10"]
[Round "2"]
[White "Sawaryn, Steve"]
[Black "Pearston, John"]
[Result "0-1"]
[WhiteElo "1403"]
[BlackElo "1524"]
[PlyCount "122"]

1. e4 e5 2. Nf3 Nf6 3. Nxe5 d6 4. Nf3 Nxe4 5. d4 d5 6. Bd3 Bb4+ 7. c3 Be7 8.
O-O O-O 9. Qc2 f5 10. Ne5 Nd7 11. f3 Nxe5 12. dxe5 Nc5 13. Be3 Nxd3 14. Qxd3 f4
15. Bf2 c6 16. Nd2 Bh4 17. b4 Bxf2+ 18. Rxf2 Qg5 19. Re1 Bf5 20. Qd4 Be6 21. a4
h5 22. Nb3 b6 23. Ra1 h4 24. Qd2 Rf5 25. Re1 Rxe5 26. Rxe5 Qxe5 27. Re2 Qf6 28.
Nd4 Bd7 29. Qe1 h3 30. gxh3 Qg6+ 31. Rg2 Qe8 32. Re2 Qg6+ 33. Rg2 Qf7 34. Re2
Bxh3 35. Qh4 Qg6+ 36. Kf2 Qg2+ 37. Ke1 Qf1+ 38. Kd2 Bd7 39. Qf2 Qh3 40. Qg2 c5
41. Qxh3 Bxh3 42. Nc2 Bf5 43. Re5 Bxc2 44. Kxc2 cxb4 45. cxb4 Rc8+ 46. Kd3 Rc4
47. Rxd5 Rxb4 48. Rd4 Rxd4+ 49. Kxd4 g5 50. h3 a6 51. Kd5 Kf7 52. Kc6 b5 53.
axb5 axb5 54. Kxb5 Kg6 55. Kc5 Kh5 56. Kd5 Kh4 57. Ke5 Kxh3 58. Kf5 Kg3 59. Ke4
Kf2 60. Kf5 Kxf3 61. Kxg5 Kg3 0-1

[Event "Dundee & Angus Major"]
[Site "?"]
[Date "2015.10.10"]
[Round "2"]
[White "Banerjee, Subhayu"]
[Black "Connolly Sams, Dietah"]
[Result "1-0"]
[WhiteElo "1258"]
[BlackElo "829"]
[PlyCount "75"]

1. e4 e6 2. d4 d5 3. e5 c5 4. c3 Nc6 5. Nf3 Qb6 6. Bd3 cxd4 7. cxd4 Bd7 8. Bc2
Nge7 9. Nc3 Nf5 10. Bxf5 exf5 11. O-O Be6 12. a3 Be7 13. b4 a6 14. Na4 Qc7 15.
Nc5 b6 16. Nxe6 fxe6 17. Bg5 Bxg5 18. Nxg5 Qe7 19. f4 Rc8 20. Qa4 O-O 21. Qxa6
Nxd4 22. Qxb6 Ne2+ 23. Kh1 Nxf4 24. Rxf4 Qxg5 25. Qxe6+ Kh8 26. Rff1 Rc2 27.
Qxd5 Rfc8 28. h3 h6 29. e6 Rd2 30. Qf3 Rcc2 31. Rg1 Rf2 32. Qa8+ Kh7 33. Raf1
Rfd2 34. Qf3 Qf6 35. Qxf5+ Qxf5 36. Rxf5 Re2 37. Rc5 Rxe6 38. Rxc2 1-0

[Event "Dundee & Angus Major"]
[Site "MyTown"]
[Date "2015.10.10"]
[Round "2"]
[White "Walsh, Peter"]
[Black "Waddell, Alexander"]
[Result "1-0"]
[WhiteElo "1501"]
[BlackElo "1380"]
[PlyCount "125"]
[EventDate "2015.10.14"]

{2MB. PentiumII
} 1. c4 Nf6 2. Nc3 e5 3. e3 Nc6 4. a3 d5 5. cxd5 Nxd5 6. Nge2
Be7 7. Nxd5 Qxd5 8. Nc3 Qd8 9. Be2 Be6 10. O-O O-O 11. b4 Bf6 12. Qc2 g6 13.
Bb2 Bf5 14. d3 Be6 15. Rac1 Bg7 16. Ne4 a6 17. Nc5 Bc8 18. Bf3 Ra7 19. Rfd1 Qe7
20. Bxc6 bxc6 21. d4 Bf5 22. Qe2 a5 23. bxa5 Rxa5 24. a4 Rb8 25. Bc3 Raa8 26.
Qc4 e4 27. Rb1 Qg5 28. a5 Bh3 29. Qf1 Bf8 30. Nxe4 Qe7 31. Nc5 Qg5 32. Ne4 Qe7
33. Rxb8 Rxb8 34. Ng3 Be6 35. f3 Rb3 36. Bd2 Rb2 37. Qd3 Rb3 38. Qc2 Bh6 39. e4
Bg7 40. Ne2 Qa3 41. Bc3 Bc4 42. Ra1 Qd6 43. e5 Qe7 44. Rc1 Rb8 45. Qe4 Bd5 46.
Qd3 Rb3 47. Rb1 Rxb1+ 48. Qxb1 Qg5 49. Qc1 Qxc1+ 50. Nxc1 Bc4 51. Kf2 Kf8 52.
g3 Ke8 53. Ke3 Bf8 54. Nd3 Kd8 55. Nf2 Kd7 56. Ne4 Ke6 57. Nf6 h5 58. g4 hxg4
59. Nxg4 Ba6 60. f4 Bc8 61. Kf3 Be7 62. Kg3 Kf5 63. Ne3+ 1-0

[Event "Dundee & Angus Major"]
[Site "?"]
[Date "2015.10.10"]
[Round "3"]
[White "Congalton, David"]
[Black "Pearson, Walter"]
[Result "1-0"]
[WhiteElo "1364"]
[BlackElo "1478"]
[PlyCount "91"]

1. d4 d5 2. c4 e6 3. g3 Nf6 4. Bg2 Nbd7 5. Nf3 a6 6. O-O dxc4 7. Qc2 b5 8. Nc3
Rb8 9. Bf4 Nd5 10. Nxd5 exd5 11. Rad1 Bb4 12. Bh3 Nf6 13. Bg2 Rb6 14. Nh4 Bd6
15. Bc1 g6 16. Nf3 Bf5 17. Qd2 O-O 18. Nh4 Be6 19. Nf3 Re8 20. Rfe1 Ne4 21. Qh6
Bf8 22. Qf4 Bb4 23. Rf1 f5 24. h4 Bd6 25. Qh6 Bf8 26. Qf4 Qd6 27. Ne5 Bg7 28.
f3 Nf6 29. Qe3 Nd7 30. f4 Nf6 31. Qf3 Ne4 32. Kh2 Rd8 33. h5 g5 34. fxg5 c5 35.
Bf4 Qe7 36. h6 Bxe5 37. Bxe5 Qxg5 38. Bc7 Rbd6 39. Qf4 Qh5+ 40. Kg1 Qxe2 41.
Bxe4 Qxe4 42. Qg5+ Kf8 43. Bxd8 Rxd8 44. Qf6+ Bf7 45. Rfe1 Qf3 46. Qg7# 1-0

[Event "Dundee & Angus Major"]
[Site "?"]
[Date "2015.10.10"]
[Round "3"]
[White "Barron-Majerik, Jan"]
[Black "Flockhart, Hugh"]
[Result "1/2-1/2"]
[WhiteElo "1472"]
[BlackElo "1425"]
[PlyCount "70"]

1. c4 Nf6 2. d4 c5 3. e3 g6 4. Nc3 Bg7 5. Nf3 O-O 6. Be2 d6 7. O-O Bg4 8. Rb1
Nc6 9. d5 Nb4 10. a3 Na6 11. Bd2 Bf5 12. Ra1 Nc7 13. Nh4 Bd7 14. b4 b6 15. Qc2
a6 16. e4 Bg4 17. f3 Bd7 18. Rae1 Nfe8 19. f4 Bd4+ 20. Kh1 Bf6 21. Nf3 Bg7 22.
f5 Nf6 23. Ng5 h6 24. fxg6 hxg5 25. gxf7+ Rxf7 26. Bxg5 Qf8 27. h3 Nh7 28. Rxf7
Qxf7 29. Rf1 Nf6 30. Bf3 Rf8 31. Qd3 Nh5 32. Bh4 Nf4 33. Qc2 Be5 34. Ne2 Qh7
35. Nxf4 Qxh4 1/2-1/2

[Event "Dundee & Angus Major"]
[Site "?"]
[Date "2015.10.10"]
[Round "3"]
[White "Armstrong, Alan"]
[Black "Banerjee, Subhayu"]
[Result "1/2-1/2"]
[WhiteElo "1416"]
[BlackElo "1258"]
[PlyCount "105"]

1. d4 Nf6 2. Nc3 d5 3. e4 dxe4 4. f3 e6 5. fxe4 Bb4 6. Bg5 h6 7. Bxf6 Qxf6 8.
Bd3 Nc6 9. Nf3 Bd7 10. a3 Bxc3+ 11. bxc3 O-O-O 12. O-O Qe7 13. Re1 g5 14. d5
exd5 15. exd5 Qc5+ 16. Kh1 Qxd5 17. Qe2 Rhe8 18. Qf1 Rxe1 19. Rxe1 Qa5 20. Qf2
Qxc3 21. Qe2 Re8 22. Qxe8+ Bxe8 23. Rxe8+ Kd7 24. Re3 Qa1+ 25. Ng1 Kd6 26. h3
Qxa3 27. Nf3 f6 28. Kh2 Nb4 29. Nd4 c6 30. Bg6 Qc1 31. Nf5+ Kc7 32. Re7+ Kb6
33. Nxh6 Nd5 34. Re4 Qf1 35. Nf5 a5 36. Ng3 Qb5 37. c4 Qc5 38. cxd5 cxd5 39.
Re6+ Kb5 40. Rxf6 a4 41. Be8+ Kb4 42. Rf5 a3 43. Bf7 a2 44. Rxd5 Qxd5 45. Bxd5
a1=Q 46. Bxb7 Qh8 47. Bf3 Kc3 48. Ne4+ Kd4 49. Ng3 {=} 49... Ke3 50. Nh1 Qe5+
51. Kg1 Kd2 52. Bg4 Ke1 53. Bf3 1/2-1/2

[Event "Dundee & Angus Major"]
[Site "?"]
[Date "2015.10.10"]
[Round "3"]
[White "Adams, David"]
[Black "Walsh, Peter"]
[Result "1-0"]
[WhiteElo "1479"]
[BlackElo "1501"]
[PlyCount "67"]

1. c4 Nf6 2. Nc3 e6 3. Nf3 d5 4. cxd5 exd5 5. d4 c6 6. a3 h6 7. e3 Bd6 8. Be2
O-O 9. O-O Bf5 10. Bd3 Qd7 11. Qc2 Bxd3 12. Qxd3 Re8 13. Re1 Ne4 14. Qc2 f5 15.
b4 a6 16. Na4 Qc7 17. Nc5 Nd7 18. Nd3 Nb6 19. Nde5 Nd7 20. Nd3 b6 21. Bb2 Rac8
22. Rac1 c5 23. bxc5 bxc5 24. dxc5 Ndxc5 25. Nxc5 Bxc5 26. Qd3 Qb7 27. Rb1 Qa8
28. Nh4 Rf8 29. Ng6 Rf7 30. Nf4 g5 31. Ne6 Nd6 32. Rec1 Nc4 33. Nxc5 Rxc5 34.
Qd4 1-0

[Event "Dundee & Angus Major"]
[Site "?"]
[Date "2015.10.10"]
[Round "3"]
[White "Banerjee, Agnijo"]
[Black "Sawaryn, Steve"]
[Result "0-1"]
[WhiteElo "1240"]
[BlackElo "1403"]
[PlyCount "82"]

1. e4 c5 2. Nf3 Nc6 3. d4 cxd4 4. Nxd4 Nf6 5. Nc3 d6 6. Bc4 e5 7. Nf5 Bxf5 8.
exf5 Be7 9. O-O O-O 10. Be3 a6 11. Nd5 b5 12. Nxf6+ Bxf6 13. Bd5 Rc8 14. c3 Qc7
15. a4 Ne7 16. axb5 axb5 17. Ra7 Qd8 18. Qb3 Nxf5 19. Qxb5 Rb8 20. Qe2 Nxe3 21.
fxe3 Qb6 22. Ra2 Qc5 23. Be4 Bg5 24. Rf3 d5 25. Bc2 e4 26. Rg3 Bh6 27. Ra6 g6
28. h4 Bg7 29. Ba4 Qc4 30. Qxc4 dxc4 31. Bc6 Rxb2 32. Bxe4 Rd8 33. Rc6 Rd1+ 34.
Kh2 Be5 35. Rxc4 Bxg3+ 36. Kxg3 Rd7 37. Bf3 Rb3 38. h5 Kg7 39. hxg6 hxg6 40.
Be2 Rd2 41. Kf3 Rbb2 0-1

[Event "Dundee & Angus Major"]
[Site "?"]
[Date "2015.10.10"]
[Round "3"]
[White "Pearston, John"]
[Black "Dawson, Euan"]
[Result "1/2-1/2"]
[WhiteElo "1524"]
[BlackElo "1322"]
[PlyCount "57"]

1. d4 f5 2. Bg5 g6 3. g3 Bg7 4. Bg2 Nf6 5. c3 O-O 6. Qb3+ Kh8 7. Bxb7 Bxb7 8.
Qxb7 Nc6 9. Qb3 Rb8 10. Qc2 Ne4 11. Nf3 Nxg5 12. Nxg5 e5 13. d5 Qxg5 14. dxc6
d6 15. Nd2 Rb6 16. O-O Rxc6 17. e3 Rb6 18. f4 Qe7 19. Rad1 Rbb8 20. b3 exf4 21.
exf4 Qe3+ 22. Kh1 Qxc3 23. Qxc3 Bxc3 24. Nc4 Rfe8 25. Rd3 Bb4 26. Re3 Bc5 27.
Rxe8+ Rxe8 28. Rd1 Kg7 29. Rd2 1/2-1/2

[Event "Dundee & Angus Major"]
[Site "?"]
[Date "2015.10.10"]
[Round "3"]
[White "Self, Lewis"]
[Black "Heathwood, Richard"]
[Result "1/2-1/2"]
[WhiteElo "1370"]
[BlackElo "1510"]
[PlyCount "43"]

1. g3 d5 2. Bg2 e6 3. c4 Nf6 4. Nf3 Be7 5. O-O O-O 6. d3 Nbd7 7. Nc3 b6 8. cxd5
exd5 9. Bf4 c6 10. Rc1 Bb7 11. e4 dxe4 12. dxe4 Nc5 13. Qc2 Qd3 14. Rfd1 Qxc2
15. Rxc2 Rad8 16. Rcd2 Nfxe4 17. Nxe4 Nxe4 18. Rxd8 Bxd8 19. Ne5 Nf6 20. Nxc6
Bxc6 21. Bxc6 Be7 22. a3 $11 1/2-1/2

[Event "Dundee & Angus Major"]
[Site "?"]
[Date "2015.10.10"]
[Round "3"]
[White "Depasquale, Duncan"]
[Black "Andrews, Norman"]
[Result "1/2-1/2"]
[WhiteElo "1140"]
[BlackElo "1545"]
[PlyCount "39"]

1. d4 Nf6 2. c4 e6 3. Nc3 Bb4 4. Bd2 O-O 5. Nf3 b6 6. g3 Bb7 7. Bg2 d5 8. cxd5
Bxc3 9. Bxc3 exd5 10. O-O Re8 11. Re1 Ne4 12. Ne5 Nxc3 13. bxc3 Nd7 14. Nxd7
Qxd7 15. Qd3 Re7 16. e4 dxe4 17. Bxe4 Bxe4 18. Rxe4 Rxe4 19. Qxe4 Re8 20. Qd3
1/2-1/2

[Event "Dundee & Angus Major"]
[Site "?"]
[Date "2015.10.10"]
[Round "3"]
[White "MacDonald, Paul H"]
[Black "Connolly Sams, Lukah"]
[Result "1/2-1/2"]
[WhiteElo "1540"]
[BlackElo "1395"]
[PlyCount "68"]

1. Nf3 d5 2. d4 Nf6 3. c4 c6 4. Nc3 Bf5 5. Qb3 Qb6 6. Qxb6 axb6 7. cxd5 cxd5 8.
e3 e6 9. Bb5+ Nc6 10. O-O Bd6 11. Bd2 O-O 12. Rac1 Rfc8 13. Nh4 Bg6 14. Nxg6
hxg6 15. f3 Kf8 16. Na4 Bc7 17. a3 Ke7 18. Be1 Kd7 19. Bg3 Ra5 20. Bxc7 Kxc7
21. Nc3 Nh5 22. g4 Nf6 23. Kg2 Kd7 24. Bd3 Rh8 25. Ne2 Raa8 26. Ng3 Rh4 27. Rh1
Rah8 28. Bb5 Kd6 29. Rc2 g5 30. Bd3 g6 31. Ne2 Rh3 32. Ng3 R3h4 33. Ne2 Rh3 34.
Ng3 R3h4 1/2-1/2

[Event "Dundee & Angus Major"]
[Site "?"]
[Date "2015.10.10"]
[Round "4"]
[White "Dawson, Euan"]
[Black "Adams, David"]
[Result "1/2-1/2"]
[WhiteElo "1322"]
[BlackElo "1479"]
[PlyCount "74"]

1. e4 d5 2. exd5 Qxd5 3. Nc3 Qd6 4. d4 Nf6 5. h3 c6 6. Nf3 Bf5 7. Be3 e6 8. Bd3
Bxd3 9. Qxd3 Nbd7 10. O-O Be7 11. a3 O-O 12. Qd2 Qc7 13. Rad1 Rfd8 14. Qc1 a6
15. Rfe1 Re8 16. Bf4 Bd6 17. Bxd6 Qxd6 18. Ne5 Rac8 19. Qf4 Qc7 20. Re3 Rf8 21.
Qf3 Rcd8 22. Qe2 Rfe8 $11 23. f4 Nf8 24. g4 Ng6 25. Nxg6 hxg6 26. Qf2 Nd5 27.
Nxd5 cxd5 28. Rde1 Qd7 29. Qe2 Kf8 30. Kg2 Rc8 31. c3 b5 32. Kf3 Qd8 33. Rh1 g5
34. fxg5 Qxg5 35. h4 Qd8 36. g5 Ke7 37. Kg3 Kd7 {
Remaining moves (7) missing/indecipherable} 1/2-1/2

[Event "Dundee & Angus Major"]
[Site "?"]
[Date "2015.10.10"]
[Round "4"]
[White "MacDonald, Paul H"]
[Black "Armstrong, Kevin"]
[Result "1/2-1/2"]
[WhiteElo "1540"]
[BlackElo "1353"]
[PlyCount "106"]

1. d4 d5 2. c4 c6 3. Nf3 Bg4 4. Ne5 Bf5 5. cxd5 cxd5 6. Qb3 Qc7 7. Nc3 e6 8. e3
a6 9. Bd2 Bd6 10. f4 Nf6 11. Be2 O-O 12. Rc1 Qe7 13. O-O Bxe5 14. fxe5 Ne4 15.
Nxe4 Bxe4 16. Bb4 Qg5 17. Bf3 Bxf3 18. Rxf3 Rd8 19. Qd3 Nc6 20. Bc5 Rd7 21.
Rcf1 Rc8 22. Rg3 Qd8 23. Rh3 g6 24. Bd6 Rxd6 25. exd6 Qxd6 26. Rhf3 f5 27. R3f2
Nb4 28. Qb3 b5 29. a3 Nc6 30. Rc2 Kf8 31. Rfc1 Ke7 32. Rc5 Kd7 33. a4 Na5 34.
Qc3 Rxc5 35. dxc5 Qc7 36. axb5 axb5 37. Ra1 Nc4 38. b3 Qe5 39. Ra7+ Kc6 40.
Qxe5 Nxe5 41. b4 Nd3 42. Ra6+ Kd7 43. Rb6 Nxb4 44. Rxb5 Nd3 45. Rb7+ Kc6 46.
Rxh7 Kxc5 47. Rg7 Ne5 48. Re7 Kd6 49. Rb7 Ng4 50. Rb3 Nf6 51. h3 Ke5 52. Ra3
Ne4 53. Kf1 Nd2+ 1/2-1/2

[Event "Dundee & Angus Major"]
[Site "?"]
[Date "2015.10.11"]
[Round "4"]
[White "Flockhart, Hugh"]
[Black "Depasquale, Duncan"]
[Result "0-1"]
[WhiteElo "1425"]
[BlackElo "1140"]
[PlyCount "54"]

1. e4 e6 2. d4 d5 3. Bd3 c5 4. c3 Nc6 5. Nf3 Bd7 6. O-O Qb6 7. exd5 exd5 8.
Re1+ Be7 9. dxc5 Qxc5 10. Be3 Qd6 11. Nbd2 Nf6 12. Nb3 b6 13. Qd2 Bc8 14. Bf4
Qd8 15. Bb5 Bb7 16. Rad1 O-O 17. h3 Re8 18. Bxc6 Bxc6 {
Remaining moves uncertain - mis-recorded} 19. Nbd4 Bd7 20. Ne5 Rc8 21. Bg5 Ne4
22. Bxe7 Qxe7 23. Qf4 Qxe5 24. Qxe5 Rxe5 25. f3 Rce8 26. fxe4 Rxe4 27. Rxe4
Rxe4 0-1

[Event "Dundee & Angus Major"]
[Site "?"]
[Date "2015.10.11"]
[Round "4"]
[White "Connolly Sams, Lukah"]
[Black "Congalton, David"]
[Result "1/2-1/2"]
[WhiteElo "1345"]
[BlackElo "1364"]
[PlyCount "42"]

1. d4 e6 2. c4 Nf6 3. Nc3 d5 4. Nf3 c5 5. dxc5 Qa5 6. Bf4 Bxc5 7. Qc2 Ne4 8. e3
Bb4 9. Bd3 Nxc3 10. O-O dxc4 11. bxc3 Bxc3 12. Rac1 cxd3 13. Qxc3 Qxc3 14. Rxc3
O-O 15. Rxd3 Nc6 16. a3 b6 17. Rfd1 Ba6 18. Rd6 Bb5 19. h3 Na5 20. Rb1 Ba4 21.
Rc1 Rac8 1/2-1/2

[Event "Dundee & Angus Major"]
[Site "?"]
[Date "2015.10.11"]
[Round "4"]
[White "Heathwood, Richard"]
[Black "Pearston, John"]
[Result "0-1"]
[WhiteElo "1510"]
[BlackElo "1524"]
[PlyCount "84"]

1. d4 d5 2. c4 e6 3. Nc3 c5 4. cxd5 exd5 5. e3 Nf6 6. dxc5 Bxc5 7. Nf3 Bf5 8.
Bd3 Bg4 9. Be2 O-O 10. O-O Nc6 11. h3 Bf5 12. a3 Qd7 13. b4 Bb6 14. Bd3 Bxd3
15. Qxd3 d4 16. exd4 Nxd4 17. Bg5 Ne6 18. Qxd7 Nxd7 19. Rad1 Nxg5 20. Nxg5 Nf6
21. Nd5 $11 Nxd5 22. Rxd5 Rad8 23. Rfd1 Rxd5 24. Rxd5 Rd8 25. Rxd8+ Bxd8 26.
Ne4 Be7 27. Nc3 Kf8 28. Nd5 Ke8 29. Kf1 Kd7 30. Nxe7 Kxe7 31. Ke2 Kd6 32. Ke3
Kd5 33. Kd3 f5 34. f4 h5 35. h4 b5 36. g3 g6 37. Kd2 Kd4 38. Ke2 Ke4 39. Kf2
Kd3 40. Kf3 a6 41. Kf2 Kc3 42. Ke3 Kb3 0-1

[Event "Dundee & Angus Major"]
[Site "?"]
[Date "2015.10.11"]
[Round "4"]
[White "Andrews, Norman"]
[Black "Self, Lewis"]
[Result "1-0"]
[WhiteElo "1545"]
[BlackElo "1370"]
[PlyCount "39"]

1. e4 c5 2. Nc3 Nc6 3. f4 g6 4. Nf3 Bg7 5. Bb5 d6 6. O-O Nf6 7. Bxc6+ bxc6 8.
d3 O-O 9. Qe1 Bg4 10. h3 Bd7 11. Ne2 Nh5 12. Ng3 Nxg3 13. Qxg3 f5 14. e5 Bh6
15. Bd2 Be6 16. Qh4 Kg7 17. exd6 exd6 18. Bc3+ Rf6 19. Ng5 Qe7 20. Rae1 1-0

[Event "Dundee & Angus Major"]
[Site "?"]
[Date "2015.10.11"]
[Round "4"]
[White "Banerjee, Subhayu"]
[Black "Young, Colin"]
[Result "1-0"]
[WhiteElo "1258"]
[BlackElo "1373"]
[PlyCount "55"]

1. e4 e6 2. d4 d5 3. e5 c5 4. c3 Nc6 5. Nf3 Bd7 6. Bd3 Qb6 7. Bc2 cxd4 8. cxd4
Nb4 9. Bb3 Bb5 10. Nc3 Nd3+ 11. Kd2 Nxf2 12. Qe1 Nxh1 13. Qxh1 Nh6 14. Nxb5
Qxb5 15. Qd1 Bb4+ 16. Kc2 Nf5 17. Kb1 O-O 18. Bc2 Rac8 19. a4 Qb6 20. g4 Ne7
21. h4 Rc7 22. Qd3 g6 23. Qe3 Rfc8 24. Qh6 Rxc2 25. Ng5 Rxc1+ 26. Ka2 Rxa1+ 27.
Kxa1 Rc1+ 28. Ka2 1-0

[Event "Dundee & Angus Major"]
[Site "?"]
[Date "2015.10.11"]
[Round "4"]
[White "Sanger, Jake"]
[Black "Barron-Majerik, Jan"]
[Result "*"]
[WhiteElo "1205"]
[BlackElo "1472"]
[PlyCount "35"]

1. e4 c5 2. Nc3 Nc6 3. f4 d6 4. Nf3 g6 5. Bc4 Bg7 6. O-O e6 7. f5 Bxc3 8. bxc3
exf5 9. d3 Ne5 10. Bb3 Ne7 11. Bg5 O-O 12. Qe1 Be6 13. Qh4 Re8 14. Nxe5 dxe5
15. Qh6 f4 16. Ba4 Bd7 17. Bxd7 Qxd7 18. Bf6 *

[Event "Dundee & Angus Major"]
[Site "MyTown"]
[Date "2015.10.11"]
[Round "4"]
[White "Birkett, Callum"]
[Black "Armstrong, Alan"]
[Result "1-0"]
[WhiteElo "1229"]
[BlackElo "1416"]
[PlyCount "59"]
[EventDate "2015.10.14"]

{2MB. PentiumII
} 1. e4 e6 2. d4 d5 3. e5 c5 4. c3 Nc6 5. Nf3 Nge7 6. dxc5 Ng6
7. Bb5 Bd7 8. Bxc6 Bxc6 9. Be3 Be7 10. Nbd2 Nh4 11. O-O Nf5 12. b4 Nxe3 13.
fxe3 b6 14. Nd4 Qd7 15. cxb6 axb6 16. a3 O-O 17. c4 f6 18. b5 Bb7 19. exf6 Bxf6
20. Qg4 Bxd4 21. Rxf8+ Rxf8 22. Qxd4 Qc7 23. Rf1 Rxf1+ 24. Kxf1 e5 25. Qc3 Qf7+
26. Ke1 Qe6 27. Qd3 d4 28. e4 Bc8 29. c5 bxc5 30. Qc4 1-0

[Event "Dundee & Angus Major"]
[Site "?"]
[Date "2015.10.11"]
[Round "5"]
[White "Pearston, John"]
[Black "Adams, David"]
[Result "1/2-1/2"]
[WhiteElo "1524"]
[BlackElo "1479"]
[PlyCount "100"]

1. d4 Nf6 2. c4 e6 3. Nc3 Bb4 4. Qc2 O-O 5. a3 Bxc3+ 6. Qxc3 b6 7. Nf3 Bb7 8.
g3 d6 9. Bg2 Nbd7 10. O-O Re8 11. b4 a6 12. Bb2 Qe7 13. Rfe1 Rab8 14. Rad1 Ba8
15. d5 e5 16. Nd2 Rbc8 17. Ne4 Nxe4 18. Bxe4 Nf6 19. Bf5 Rcd8 20. e4 Bb7 21.
Bh3 Bc8 22. Bg2 Bg4 23. Ra1 Qd7 24. a4 Ra8 25. b5 a5 26. f3 Bh5 27. Bc1 h6 28.
Qd3 Bg6 29. Qf1 Qe7 30. Ra2 Nd7 31. Be3 f5 32. Bc1 Rf8 33. Rf2 Nc5 34. Rd1 fxe4
35. fxe4 Rxf2 36. Qxf2 Nxe4 37. Qc2 Nxg3 38. Qxg6 Ne2+ 39. Kh1 Qh4 40. Qd3 Nd4
41. Bb2 Re8 42. Bxd4 exd4 43. Qg3 Qe7 44. Bh3 Qe4+ 45. Bg2 Qe2 46. Rg1 Re7 47.
Bf1 Qe4+ 48. Rg2 Qh7 49. Rg1 Qe4+ 50. Rg2 Qh7 1/2-1/2